Study of potential on tonle bati natural resort development in krang khnung commune bati district takeo province, សិក្សាពីសក្ដានុពលនៃការអភិវឌ្ឍន៍តំបន់រមណីដ្ឋានធម្មជាតិទន្លេបាទី នៅឃុំក្រាំងធ្នង់ ស្រុកបាទី ខេត្តតាកែវ (Record no. 3433)

000 -LEADER
fixed length control field 00865nam a22001697a 4500
003 - CONTROL NUMBER IDENTIFIER
control field LRUA
005 - DATE AND TIME OF LATEST TRANSACTION
control field 20221125135321.0
008 - FIXED-LENGTH DATA ELEMENTS--GENERAL INFORMATION
fixed length control field 221125b xxu||||| |||| 00| 0 eng d
040 ## - CATALOGING SOURCE
Transcribing agency RUA
082 ## - DEWEY DECIMAL CLASSIFICATION NUMBER
Classification number FOR NOU 2013 B544 Or.1
100 ## - MAIN ENTRY--PERSONAL NAME
Personal name NOUY, SAMORN.
245 ## - TITLE STATEMENT
Title Study of potential on tonle bati natural resort development in krang khnung commune bati district takeo province, សិក្សាពីសក្ដានុពលនៃការអភិវឌ្ឍន៍តំបន់រមណីដ្ឋានធម្មជាតិទន្លេបាទី នៅឃុំក្រាំងធ្នង់ ស្រុកបាទី ខេត្តតាកែវ
260 ## - PUBLICATION, DISTRIBUTION, ETC. (IMPRINT)
Place of publication, distribution, etc. Phnom Penh
Name of publisher, distributor, etc. RUA
Date of publication, distribution, etc. 2013
300 ## - PHYSICAL DESCRIPTION
Extent ix; 36.
Other physical details ill.
Dimensions 29cm.
856 ## - ELECTRONIC LOCATION AND ACCESS
Uniform Resource Identifier https://drive.google.com/file/d/1i3mjSnLST8vVn2wfGNqBy-TfnJZkswvX/view?usp=sharing
942 ## - ADDED ENTRY ELEMENTS (KOHA)
Koha item type FOR
Source of classification or shelving scheme
Holdings
Price effective from Date last seen Permanent Location Not for loan Date acquired Source of classification or shelving scheme Koha item type Lost status Withdrawn status Date last checked out Total Checkouts Shelving location Damaged status Barcode Current Location Full call number
2015-11-142018-01-26Library Block B 2015-11-14 FOR  2017-07-313B142 RUA027302Library Block BFOR NOU 2013 B142 Or.1
2015-11-142016-06-24Library Block B 2015-11-14 FOR  2016-06-071B142 RUA027158Library Block BFOR NOU 2013 B142 Or.2
2015-11-142015-11-14Library Block B 2015-11-14 FOR    B142 RUA027230Library Block BFOR NOU 2013 B142 Or.3
2015-11-142022-08-23Library Block B 2015-11-14 FOR  2022-08-032B142 RUA027086Library Block BFOR NOU 2013 B142 Or.4
2015-11-142015-11-14Library Block B 2015-11-14 FOR    B142 RUA027448Library Block BFOR NOU 2013 B142 Or.5
2015-11-142015-11-14Library Block B 2015-11-14 FOR    B142 RUA027306Library Block BFOR NOU 2013 B142 Or.6
2015-11-142022-08-16Library Block B 2015-11-14 FOR  2022-08-081B142 RUA027373Library Block BFOR NOU 2013 B142 Or.7
2019-05-032019-05-03Library Block B 2019-05-03 FOR    B544 A40484Library Block BFOR NOU 2013 B544 Or.1
មជ្ឈមណ្ឌលឯការនៃសាកលវិទ្យាល័យភូមិន្ទកសិកម្មចំការដូង

Powered by Koha